000 00804nam a2200229 a 4500
001 000002423
005 20200929150208.0
008 090702s2001 sp 000 0 spa d
020 _a8489384282
040 _aDO-SdBNP
_bspa
_cBNPHU
082 _axxxx
_bG528r
100 1 _aGiroux, Henry A.
_97676
240 1 3 _aThe mouse that roared. Disney and the of innocence
245 1 3 _aEl ratoncito feroz :
_bDisney o el fin de la inocencia /
_cHenry A. Giroux ; traducción Alberto Jiménez.
260 _aMadrid, :
_bFundación Gérman Sánchez Ruipérez,
_c2001.
300 _a190 p. ;
_c23 cm.
490 1 _aEl árbol de la memoria
500 _aIncluye índice.
500 _aIncluye notas a final de cada capítulo.
700 1 _aJiménez, Alberto,
_etr.
_97677
830 0 _aEl árbol de la memoria
_97660
999 _c2259
_d2259